000 01097cab a2200289 4500
001 ABS52355
008 090401t1995 xxu||||| |||| 00| 0 eng d
035 _a(Sirsi) u74472
041 _aeng
100 _aNorman, L.
245 _aContributory negligence
260 _c1995
350 _a0
490 _aCSM (Chartered Surveyor Monthly)
_v4(4) February 1995, 38-39(2)
520 _aReviews recent case law where damages have been reduced to take into account contributory negligence.
650 _aALLIANCE & LEICESTER BUILDING SOCIETY V EDGESTOOP LTD
650 _aBANQUE BRUXELLES LAMBERT SA V EAGLE STAR INSURANCE
650 _aCONTRIBUTORY NEGLIGENCE
650 _aLAW REFORM (CONTRIBUTORY NEGLIGENCE) ACT 1945
650 _aNYCKELN FINANCE CO LTD V STUMPBROOK CONTINUATION LTD
650 _aPI FINANS INTERNATIONAL (UF) LTD V ANDREW DOWNS & CO LTD
650 _aSWINGCASTLE V ALASTAIR GIBSON
650 _aUNITED BANK OF KUWAIT V PRUDENTIAL PROPERTY SERVICES LTD
690 _aMANAGEMENT-BUSINESS MANAGEMENT-PROFESSIONAL PRACTICE
942 _n0
948 _c04/03/1997
999 _c46969
_d46969